[Event "TCh-CHN 2018"]
[Site "China CHN"]
[Date "2018.10.29"]
[Round "18.5"]
[Board "1"]
[White "Andreikin, Dmitry"]
[Black "Liu, Guanchu"]
[Result "1-0"]
[WhiteTitle "GM"]
[BlackTitle "IM"]
[WhiteElo "2719"]
[BlackElo "2432"]
[WhiteTeam "Chongqing Team"]
[BlackTeam "Chengdu Beilei Youth Chess Club"]
[WhiteFideId "4158814"]
[BlackFideId "8603901"]
[EventDate "2018.04.11"]

1. d4 Nf6 2. Bg5 e6 3. e3 c5 4. Nd2 Nc6 5. c3 d5 6. f4 h6 7. Bh4 cxd4 8. exd4
Bd6 9. Qf3 Qc7 10. Nh3 Bd7 11. Bg3 O-O-O 12. Nf2 h5 13. Nd3 h4 14. Bf2 Nh5 15.
Be3 f5 16. O-O-O Nf6 17. Kb1 Be8 18. Be2 Bh5 19. Qf1 Bxe2 20. Qxe2 Ne4 21. Rc1
Kb8 22. c4 Nxd2+ 23. Qxd2 dxc4 24. Rxc4 Qa5 25. Qc2 Qd5 26. Rc1 Rc8 27. Ne5 Bxe5
28. dxe5 h3 29. g3 Ka8 30. Bc5 g5 31. Bd6 gxf4 32. Rxf4 a6 33. Rc4 Na7 34. a4
Rc6 35. Rxc6 Nxc6 36. Qc4 Nd4 37. Qxd5 exd5 38. Rf1 Rg8 39. a5 b5 40. axb6 Kb7
41. b4 Rg4 42. Bc5 Re4 43. Rf2 Kc6 44. Ka2 f4 45. gxf4 Nf5 46. Kb3 a5 47. Rc2
axb4 48. Bg1+ Kb7 49. Rc7+ Kb8 50. Rf7 Nh6 51. Rf6 1-0

[Event "TCh-CHN 2018"]
[Site "China CHN"]
[Date "2018.10.29"]
[Round "18.5"]
[Board "2"]
[White "Liu, Yan"]
[Black "Xu, Xiangyu"]
[Result "0-1"]
[WhiteTitle "IM"]
[BlackTitle "GM"]
[WhiteElo "2495"]
[BlackElo "2565"]
[WhiteTeam "Chongqing Team"]
[BlackTeam "Chengdu Beilei Youth Chess Club"]
[WhiteFideId "8608962"]
[BlackFideId "8608288"]
[EventDate "2018.04.11"]

1. Nf3 g6 2. d4 Nf6 3. c4 Bg7 4. g3 O-O 5. Bg2 d5 6. O-O dxc4 7. Na3 Na6 8. Nxc4
c5 9. dxc5 Be6 10. Nce5 Nxc5 11. Be3 Rc8 12. Rc1 Nfe4 13. Nd3 b6 14. Nxc5 Nxc5
15. Nd4 Bxd4 16. Bxd4 Bxa2 17. Bxc5 Rxc5 18. Rxc5 bxc5 19. Qa4 Be6 20. Qxa7 Qd6
21. Qa1 Rd8 22. Rc1 Qd2 23. Bf1 c4 24. Qb1 Bf5 25. Qa1 Bc2 26. e3 Rc8 27. Re1
Bb3 28. Qc1 Qa5 29. e4 e5 30. Re3 Rd8 31. Qc3 Qc5 32. Kg2 Rd1 33. Be2 Rb1 34.
Bd3 Rd1 35. Be2 Ra1 36. f4 Rb1 37. Rf3 Rg1+ 38. Kh3 Qf8 39. fxe5 Qc8+ 40. Kh4 h6
41. Rxf7 Kxf7 42. Bg4 Qd8+ 43. Kh3 Bd1 44. e6+ Kg8 45. Bxd1 Qxd1 46. Qe5 Qh5+ 0-1

[Event "TCh-CHN 2018"]
[Site "China CHN"]
[Date "2018.10.29"]
[Round "18.5"]
[Board "3"]
[White "Zhou, Weiqi"]
[Black "Vallejo Pons, Francisco"]
[Result "1-0"]
[WhiteTitle "GM"]
[BlackTitle "GM"]
[WhiteElo "2597"]
[BlackElo "2694"]
[WhiteTeam "Chongqing Team"]
[BlackTeam "Chengdu Beilei Youth Chess Club"]
[WhiteFideId "8601674"]
[BlackFideId "2205530"]
[EventDate "2018.04.11"]

1. d4 d5 2. c4 dxc4 3. Nf3 Nf6 4. e3 e6 5. Bxc4 c5 6. O-O cxd4 7. Nxd4 Bc5 8.
Nc3 O-O 9. Qe2 e5 10. Nb3 Bb6 11. Rd1 Qe7 12. Nd5 Nxd5 13. Bxd5 Nd7 14. e4 Nf6
15. Be3 Be6 16. Rd3 Bxd5 17. exd5 Qd6 18. Nd2 Rfc8 19. Nf1 g6 20. Rad1 Nd7 21.
g4 e4 22. Rb3 Re8 23. Ng3 Qe5 24. d6 Rac8 25. Rb4 Qa5 26. a3 Qa6 27. Qxa6 bxa6
28. Rxe4 Rxe4 29. Nxe4 f6 30. b4 Rc4 31. Nc5 Bxc5 32. Bxc5 Rxg4+ 33. Kf1 a5 34.
Re1 axb4 35. Re8+ 1-0

[Event "TCh-CHN 2018"]
[Site "China CHN"]
[Date "2018.10.29"]
[Round "18.5"]
[Board "4"]
[White "Gunina, Valentina"]
[Black "Tan, Zhongyi"]
[Result "1/2-1/2"]
[WhiteTitle "GM"]
[BlackTitle "GM"]
[WhiteElo "2497"]
[BlackElo "2513"]
[WhiteTeam "Chengdu Beilei Youth Chess Club"]
[BlackTeam "Chongqing Team"]
[WhiteFideId "4167570"]
[BlackFideId "8603642"]
[EventDate "2018.04.11"]

1. d4 Nf6 2. c4 e6 3. Nf3 d5 4. g3 Be7 5. Bg2 O-O 6. O-O dxc4 7. Ne5 Nc6 8. Bxc6
bxc6 9. Nxc6 Qe8 10. Nxe7+ Qxe7 11. Qc2 c5 12. dxc5 Qxc5 13. Be3 Qc6 14. f3 e5
15. Nd2 Ba6 16. Rac1 Rfc8 17. Bf2 e4 18. Nxe4 Nxe4 19. Qxe4 Qxe4 20. fxe4 Re8
21. Bd4 Rxe4 22. e3 Bc8 23. Rf4 Rxf4 24. gxf4 Be6 25. e4 f6 26. Kf2 a5 27. Bc3
a4 28. f5 Bd7 29. Bb4 g6 30. fxg6 hxg6 31. Rxc4 Rc8 32. Rd4 Be6 33. Ba3 Rc4 34.
Rd8+ Kf7 35. Kf3 f5 36. exf5 Bxf5 37. Rf8+ Ke6 38. Re8+ Kd5 39. Rd8+ Ke6 40.
Rd6+ Ke5 41. Rb6 Rf4+ 42. Ke3 Re4+ 43. Kd2 Rc4 44. Bb4 Kd5 45. Ke3 Rh4 46. Bd6
Re4+ 47. Kf2 Re6 48. Bc7 Rxb6 49. Bxb6 Ke5 1/2-1/2

[Event "TCh-CHN 2018"]
[Site "China CHN"]
[Date "2018.10.29"]
[Round "18.5"]
[Board "5"]
[White "Ren, Xiaoyi"]
[Black "Lei, Tingjie"]
[Result "1-0"]
[BlackTitle "GM"]
[WhiteElo "2256"]
[BlackElo "2457"]
[WhiteTeam "Chengdu Beilei Youth Chess Club"]
[BlackTeam "Chongqing Team"]
[WhiteFideId "8608709"]
[BlackFideId "8605114"]
[EventDate "2018.04.11"]

1. d4 d5 2. c4 e6 3. Nf3 Nf6 4. Bg5 dxc4 5. Qa4+ Nbd7 6. Qxc4 c5 7. Nc3 a6 8. e3
b5 9. Qd3 Bb7 10. Be2 cxd4 11. exd4 Bd6 12. O-O O-O 13. Nd2 Rc8 14. Bf3 Qc7 15.
Bxb7 Qxb7 16. Nce4 Be7 17. Qf3 Qb6 18. Nb3 Rfe8 19. Nxf6+ Bxf6 20. Bxf6 Nxf6 21.
Rac1 Rc4 22. Qd3 Rec8 23. Nc5 Rxc1 24. Rxc1 h6 25. h3 Rd8 26. Qe3 Qc6 27. Nb3
Qd6 28. Qe5 Nd5 29. Rc8 Qf8 30. Rxd8 Qxd8 31. a3 Nb6 32. Nd2 Na4 33. b4 Nc3 34.
Nb3 Nb1 35. Nc5 Nxa3 36. Nxa6 Nc2 37. Qxb5 Qxd4 38. Nc5 Qa1+ 39. Kh2 Qe5+ 40. g3
Qf5 41. Kg1 Nd4 42. Qe8+ Kh7 43. Nd7 g5 44. Qd8 Nf3+ 45. Kg2 Ne1+ 46. Kf1 Nd3
47. Nf6+ Kg7 48. Nh5+ Kh7 49. Nf6+ Kg6 50. Ng4 Kg7 51. Qd4+ Kh7 52. Nf6+ Kg6 53.
Ne8 Ne5 54. g4 Qb1+ 55. Kg2 f6 56. Nd6 h5 57. b5 hxg4 58. hxg4 Nd3 59. Qe4+ Kh6
60. Kh2 Nf4 61. Nf7+ Kg7 62. Qb7 Qh7+ 63. Nh6+ Kxh6 64. Qxh7+ Kxh7 65. b6 Nd3
66. b7 Ne5 67. b8=Q Nxg4+ 68. Kg3 Nh6 69. Qb6 Nf5+ 70. Kg4 Ng7 71. Qd8 Kg6 72.
Qf8 e5 73. Qd6 e4 74. Qc6 Kf7 75. Qd7+ Kg6 76. Qc6 Kf7 77. Qxe4 f5+ 78. Qxf5+
Nxf5 79. Kxf5 g4 80. Kxg4 Kg6 81. f3 1-0

[Event "TCh-CHN 2018"]
[Site "China CHN"]
[Date "2018.10.29"]
[Round "18.6"]
[Board "1"]
[White "Ni, Hua"]
[Black "Bu, Xiangzhi"]
[Result "1/2-1/2"]
[WhiteTitle "GM"]
[BlackTitle "GM"]
[WhiteElo "2683"]
[BlackElo "2726"]
[WhiteTeam "China Mobil Shanghai Chess Club"]
[BlackTeam "Shandong Jingzhi Team"]
[WhiteFideId "8601160"]
[BlackFideId "8601445"]
[EventDate "2018.04.11"]

1. e4 e5 2. Nf3 Nf6 3. Nxe5 d6 4. Nf3 Nxe4 5. Nc3 Nxc3 6. dxc3 Be7 7. Be3 Nc6 8.
Qd2 Be6 9. O-O-O Qd7 10. Kb1 Bf6 11. h4 h6 12. Nd4 Bxd4 13. Bxd4 Rg8 14. Be3
O-O-O 15. f3 h5 16. Bf2 f6 17. Bb5 a6 18. Bxc6 Qxc6 19. Rhe1 Rge8 20. b3 Bf7 21.
Kb2 Rxe1 22. Rxe1 Re8 23. Rxe8+ Qxe8 24. Qe3 Qxe3 25. Bxe3 Kd7 26. c4 a5 27. Kc3
b6 28. a4 Bg6 29. Kd2 Bf5 30. Bf4 Bg6 1/2-1/2

[Event "TCh-CHN 2018"]
[Site "China CHN"]
[Date "2018.10.29"]
[Round "18.6"]
[Board "2"]
[White "Xu, Yi"]
[Black "Zhao, Jun"]
[Result "1/2-1/2"]
[WhiteTitle "IM"]
[BlackTitle "GM"]
[WhiteElo "2533"]
[BlackElo "2607"]
[WhiteTeam "China Mobil Shanghai Chess Club"]
[BlackTeam "Shandong Jingzhi Team"]
[WhiteFideId "8605564"]
[BlackFideId "8602522"]
[EventDate "2018.04.11"]

1. e4 c5 2. Nf3 d6 3. d4 cxd4 4. Nxd4 Nf6 5. Nc3 a6 6. Bg5 e6 7. f4 Qc7 8. Bxf6
gxf6 9. Qd2 Nc6 10. O-O-O Nxd4 11. Qxd4 Be7 12. Be2 h5 13. Bf3 Bd7 14. Rhe1 Qc5
15. Qxc5 dxc5 16. e5 Bc6 17. Bxc6+ bxc6 18. exf6 Bxf6 19. f5 Bxc3 20. bxc3 Ke7
21. Re5 Rag8 22. fxe6 fxe6 23. g3 h4 24. Rxc5 hxg3 25. hxg3 Rxg3 26. Rxc6 Rg2
27. Kb2 Rb8+ 28. Kc1 Rh8 29. Re1 Rhh2 30. Rexe6+ Kd7 31. Red6+ Ke7 32. Kb2 Rxc2+
33. Kb3 Rxa2 34. Rxa6 Rxa6 35. Rxa6 Kd7 36. c4 Kc7 37. Kb4 Rh5 38. Ra5 Rxa5 39.
Kxa5 Kc6 40. c5 Kxc5 1/2-1/2

[Event "TCh-CHN 2018"]
[Site "China CHN"]
[Date "2018.10.29"]
[Round "18.6"]
[Board "3"]
[White "Matlakov, Maxim"]
[Black "Wen, Yang"]
[Result "1-0"]
[WhiteTitle "GM"]
[BlackTitle "GM"]
[WhiteElo "2700"]
[BlackElo "2604"]
[WhiteTeam "China Mobil Shanghai Chess Club"]
[BlackTeam "Shandong Jingzhi Team"]
[WhiteFideId "4168003"]
[BlackFideId "8602956"]
[EventDate "2018.04.11"]

1. c4 e5 2. Nc3 Nc6 3. Nf3 f5 4. g3 Nf6 5. d4 e4 6. Nh4 Bb4 7. Nxf5 d5 8. Ne3
dxc4 9. d5 Bxc3+ 10. bxc3 Ne7 11. Qa4+ Kf7 12. Qxc4 Nexd5 13. Nxd5 Qxd5 14.
Qxc7+ Bd7 15. Bg2 g5 16. c4 Qd4 17. Rb1 Rhc8 18. Qa5 Rc5 19. Qa3 Qxc4 20. O-O b6
21. f3 Ra5 22. Qe3 Rf5 23. Bb2 exf3 24. Bxf3 Re8 25. Qd2 Qc5+ 26. Bd4 Qd6 27.
Rbd1 g4 28. Bg2 Bc8 29. Rxf5 Bxf5 30. Qg5 Bg6 31. e3 Ne4 32. Rf1+ Kg8 33. Qxg4
Qe6 34. Qf4 Qe7 35. h4 h5 36. g4 hxg4 37. Bxe4 1-0

[Event "TCh-CHN 2018"]
[Site "China CHN"]
[Date "2018.10.29"]
[Round "18.6"]
[Board "4"]
[White "Huang, Qian"]
[Black "Ni, Shiqun"]
[Result "1/2-1/2"]
[WhiteTitle "WGM"]
[BlackTitle "WGM"]
[WhiteElo "2444"]
[BlackElo "2436"]
[WhiteTeam "Shandong Jingzhi Team"]
[BlackTeam "China Mobil Shanghai Chess Club"]
[WhiteFideId "8602689"]
[BlackFideId "8608466"]
[EventDate "2018.04.11"]

1. d4 Nf6 2. c4 g6 3. g3 c6 4. Bg2 d5 5. Nf3 Bg7 6. O-O O-O 7. Qb3 Qb6 8. Nc3
Rd8 9. Na4 Qxb3 10. axb3 Na6 11. Bf4 Bf5 12. Nc3 Nh5 13. Bg5 Nf6 14. Bf4 Nh5 15.
Bg5 Nf6 16. Rfc1 h6 17. Bf4 g5 18. Be5 Ne8 19. Bxg7 Kxg7 20. e3 e6 21. Bf1 Nac7
22. Ne1 Nf6 23. Bd3 Bxd3 24. Nxd3 Nd7 25. Na4 Ne8 26. Ne5 Nef6 27. Nd3 Ne8 28.
Ne5 Nef6 29. Nd3 Ne8 30. Ne5 Nef6 1/2-1/2

[Event "TCh-CHN 2018"]
[Site "China CHN"]
[Date "2018.10.29"]
[Round "18.6"]
[Board "5"]
[White "Yan, Tianqi"]
[Black "Ju, Wenjun"]
[Result "0-1"]
[BlackTitle "GM"]
[WhiteElo "2098"]
[BlackElo "2568"]
[WhiteTeam "Shandong Jingzhi Team"]
[BlackTeam "China Mobil Shanghai Chess Club"]
[WhiteFideId "8615250"]
[BlackFideId "8603006"]
[EventDate "2018.04.11"]

1. e4 e5 2. Nf3 Nc6 3. Bb5 a6 4. Ba4 g6 5. O-O Bg7 6. c3 d6 7. h3 Ne7 8. d4 Bd7
9. Re1 O-O 10. Be3 h6 11. dxe5 dxe5 12. Nbd2 b6 13. Nf1 Kh7 14. Qe2 Qe8 15. Bc2
f5 16. exf5 gxf5 17. Rad1 Be6 18. Bc1 Qf7 19. b3 e4 20. Nd4 Nxd4 21. cxd4 Nd5
22. Qd2 Rad8 23. Ng3 a5 24. Ne2 Rg8 25. a3 Rd7 26. b4 axb4 27. axb4 c5 28. bxc5
bxc5 29. Ba4 Rdd8 30. Bb2 Nb6 31. Bb5 Nc4 32. Bxc4 Bxc4 33. Qf4 Bxe2 34. Rxe2
Qg6 35. Qc7 Kh8 36. Qxc5 f4 37. Rc2 Bf6 38. f3 exf3 39. Qc6 fxg2 40. Qxf6+ Qxf6
41. d5 Qxb2 42. Rxb2 f3 43. Rf2 Rg3 44. Rd3 Re8 0-1

[Event "TCh-CHN 2018"]
[Site "China CHN"]
[Date "2018.11.27"]
[Round "19.1"]
[Board "1"]
[White "Xu, Yi"]
[Black "Li, Shilong"]
[Result "0-1"]
[WhiteTitle "IM"]
[BlackTitle "GM"]
[WhiteElo "2533"]
[BlackElo "2498"]
[WhiteTeam "China Mobil Shanghai Chess Club"]
[BlackTeam "Guangdong Ding Xin High Tech Team"]
[WhiteFideId "8605564"]
[BlackFideId "8600678"]
[EventDate "2018.04.11"]

1. e4 c5 2. Nf3 e6 3. d4 cxd4 4. Nxd4 Nf6 5. Nc3 Nc6 6. Nxc6 bxc6 7. e5 Nd5 8.
Ne4 Qc7 9. f4 Qb6 10. c4 Bb4+ 11. Ke2 f5 12. exf6 Nxf6 13. Be3 Qd8 14. Nd6+ Bxd6
15. Qxd6 Bb7 16. Rg1 Ne4 17. Qe5 c5 18. Qxg7 Qh4 19. g3 Qxh2+ 20. Rg2 Qh1 21.
Rg1 Qh5+ 22. g4 Qh2+ 23. Bg2 O-O-O 24. Qe5 d6 25. Qxe6+ Kb8 26. Kd3 Rhe8 27. Qf7
d5 28. Rae1 Nd6 29. Qh5 Qg3 30. Qh3 Rxe3+ 31. Rxe3 Qf2 32. Rge1 Qxb2 33. Re5
dxc4+ 34. Ke3 Nf5+ 0-1

[Event "TCh-CHN 2018"]
[Site "China CHN"]
[Date "2018.11.27"]
[Round "19.1"]
[Board "2"]
[White "Ni, Hua"]
[Black "Xu, Yinglun"]
[Result "1-0"]
[WhiteTitle "GM"]
[BlackTitle "GM"]
[WhiteElo "2683"]
[BlackElo "2531"]
[WhiteTeam "China Mobil Shanghai Chess Club"]
[BlackTeam "Guangdong Ding Xin High Tech Team"]
[WhiteFideId "8601160"]
[BlackFideId "8604940"]
[EventDate "2018.04.11"]

1. d4 d5 2. c4 e6 3. Nf3 Nf6 4. g3 Bb4+ 5. Bd2 Be7 6. Bg2 O-O 7. O-O c6 8. Qb3
Nbd7 9. Rc1 b6 10. cxd5 cxd5 11. Na3 Ne8 12. Ne5 Nxe5 13. dxe5 Bb7 14. Nb5 Bc5
15. Bb4 a6 16. Nc3 Bxb4 17. Qxb4 a5 18. Qd4 Rb8 19. Rd1 f5 20. Rac1 Ba6 21. Rc2
Nc7 22. Rdc1 Nb5 23. Nxb5 Bxb5 24. e3 Qd7 25. h4 Rb7 26. Bf1 Bxf1 27. Kxf1 Qb5+
28. Kg2 Rd8 29. Rc6 Kf7 30. a4 1-0

[Event "TCh-CHN 2018"]
[Site "China CHN"]
[Date "2018.11.27"]
[Round "19.1"]
[Board "3"]
[White "Harikrishna, Pentala"]
[Black "Liang, Jinrong"]
[Result "1-0"]
[WhiteTitle "GM"]
[BlackTitle "GM"]
[WhiteElo "2729"]
[BlackElo "2452"]
[WhiteTeam "China Mobil Shanghai Chess Club"]
[BlackTeam "Guangdong Ding Xin High Tech Team"]
[WhiteFideId "5007003"]
[BlackFideId "8600066"]
[EventDate "2018.04.11"]

1. e4 c5 2. Nf3 e6 3. d4 cxd4 4. Nxd4 Nc6 5. Nc3 Qc7 6. Be2 a6 7. O-O Nf6 8. Be3
Be7 9. f4 d6 10. Kh1 Bd7 11. Qe1 b5 12. a3 O-O 13. Qg3 b4 14. Nxc6 Bxc6 15. axb4
Nxe4 16. Nxe4 Bxe4 17. c3 a5 18. Bd4 g6 19. b5 d5 20. Qe3 Qb7 21. Ra4 Bd8 22.
Rfa1 Rb8 23. b4 axb4 24. Ra7 Qc8 25. cxb4 Rb7 26. b6 f6 27. Bc5 Rff7 28. Ba6 e5
29. Bxb7 Rxb7 30. Rxb7 Qxb7 31. Qh3 Qc6 32. Ra7 h5 33. Qd7 1-0

[Event "TCh-CHN 2018"]
[Site "China CHN"]
[Date "2018.11.27"]
[Round "19.1"]
[Board "4"]
[White "Li, Xueyi"]
[Black "Ju, Wenjun"]
[Result "0-1"]
[BlackTitle "GM"]
[WhiteElo "2187"]
[BlackElo "2568"]
[WhiteTeam "Guangdong Ding Xin High Tech Team"]
[BlackTeam "China Mobil Shanghai Chess Club"]
[WhiteFideId "8605912"]
[BlackFideId "8603006"]
[EventDate "2018.04.11"]

1. d4 Nf6 2. c4 e6 3. g3 d5 4. Bg2 Bb4+ 5. Nd2 O-O 6. Nf3 b6 7. O-O Bb7 8. cxd5
exd5 9. a3 Bd6 10. b4 Nbd7 11. Bb2 Qe7 12. Nh4 Qe6 13. Nc4 Be7 14. Ne5 Nxe5 15.
dxe5 Nd7 16. f4 Bxh4 17. f5 Qe7 18. gxh4 Nxe5 19. f6 gxf6 20. e3 Kh8 21. b5 Rg8
22. Bd4 Rg7 23. Ra2 Rag8 24. Kh1 c5 25. bxc6 Bxc6 26. Qa1 Bb5 27. Rxf6 Qxf6 28.
Bxe5 Qf5 29. Rd2 Bd3 30. h3 h6 31. Kh2 Kh7 32. Bxg7 Rxg7 33. Qd4 Be4 34. Bxe4
dxe4 35. Rg2 Rxg2+ 36. Kxg2 Qf3+ 37. Kh2 Qf2+ 38. Kh1 Qxh4 39. Qd7 Kg7 40. Qd4+
Kg6 41. Kh2 Qf2+ 42. Kh1 Qf3+ 43. Kh2 Kh7 44. a4 Qf5 45. Kg2 a6 46. Kh2 b5 47.
a5 b4 48. Qb6 Qf2+ 49. Kh1 Qe1+ 50. Kh2 Qe2+ 51. Kg3 Qf1 52. Kh2 Qc4 53. Kg3 b3
54. Qf6 Qe6 55. Qc3 Kg6 56. Qd4 Kf5 57. Kg2 Qc6 58. Kg3 Qc7+ 59. Kh4 Qe7+ 0-1

[Event "TCh-CHN 2018"]
[Site "China CHN"]
[Date "2018.11.27"]
[Round "19.1"]
[Board "5"]
[White "Gong, Qianyun"]
[Black "Ni, Shiqun"]
[Result "1-0"]
[WhiteTitle "WGM"]
[BlackTitle "WGM"]
[WhiteElo "2312"]
[BlackElo "2436"]
[WhiteTeam "Guangdong Ding Xin High Tech Team"]
[BlackTeam "China Mobil Shanghai Chess Club"]
[WhiteFideId "8602425"]
[BlackFideId "8608466"]
[EventDate "2018.04.11"]

1. d4 Nf6 2. Nf3 g6 3. Bg5 Bg7 4. Nbd2 O-O 5. c3 d5 6. e3 Nbd7 7. Be2 Re8 8. O-O
e5 9. a4 c6 10. b4 a5 11. b5 c5 12. dxe5 Nxe5 13. Rc1 b6 14. Nxe5 Rxe5 15. Bf4
Re8 16. Bf3 Ra7 17. c4 Be6 18. Bg5 d4 19. Bc6 Bd7 20. exd4 Bxc6 21. bxc6 cxd4
22. c5 bxc5 23. Rxc5 Qd6 24. Qc1 Nd5 25. Qc4 Nc7 26. g3 Ne6 27. Ne4 Qf8 28. Rb5
Rc8 29. Rc1 Rac7 30. Rb6 h6 31. Bd2 Nd8 32. Qd5 Ne6 33. Bxa5 Qa3 34. Rbb1 Ra7
35. Ra1 Qb2 36. Nd6 Rca8 37. c7 Rxa5 38. Qxa5 Rxa5 39. c8=Q+ Kh7 40. Nc4 Qb4 41.
Nxa5 Qxa5 42. Qd7 Ng5 43. Kg2 Qd2 44. Qd5 d3 45. Rd1 Qe2 46. Re1 Qg4 47. Rad1
Qh3+ 48. Kh1 Bc3 49. Re3 Qg4 50. Rdxd3 Bg7 51. f4 Ne6 52. Re1 h5 53. a5 h4 54.
Qf3 Qf5 55. Rd5 Qc2 56. f5 Nd4 57. fxg6+ fxg6 58. Qe4 hxg3 59. Qxc2 Nxc2 60. Re7 1-0

[Event "TCh-CHN 2018"]
[Site "China CHN"]
[Date "2018.11.27"]
[Round "19.2"]
[Board "1"]
[White "Bu, Xiangzhi"]
[Black "Zeng, Chongsheng"]
[Result "1-0"]
[WhiteTitle "GM"]
[BlackTitle "GM"]
[WhiteElo "2726"]
[BlackElo "2535"]
[WhiteTeam "Shandong Jingzhi Team"]
[BlackTeam "Chongqing Team"]
[WhiteFideId "8601445"]
[BlackFideId "8603847"]
[EventDate "2018.04.11"]

1. Nf3 Nf6 2. c4 g6 3. Nc3 d5 4. cxd5 Nxd5 5. h4 h6 6. e4 Nxc3 7. dxc3 Qxd1+ 8.
Kxd1 Nd7 9. Bf4 c6 10. Kc2 Bg7 11. Nd2 Be5 12. Be3 Nf6 13. f3 Nh5 14. Bc4 Bf4
15. Bf2 O-O 16. a4 Kh7 17. Rad1 f5 18. Rhe1 Bg3 19. Bxg3 Nxg3 20. Kc1 f4 21. Nb3
g5 22. hxg5 hxg5 23. Rd2 g4 24. Nc5 Kg6 25. Red1 gxf3 26. gxf3 Rh8 27. a5 Kf6
28. Nd7+ Bxd7 29. Rxd7 Rh5 30. Rxb7 Rxa5 31. Rdd7 Rc5 32. b3 a5 33. Rxe7 a4 34.
Re6+ Kg5 35. Rg7+ Kh5 36. Rd6 Rxc4 37. bxc4 a3 38. Kb1 a2+ 39. Ka1 Ra3 40. Rd2
Kh6 41. Rg4 Rxc3 42. Rh2+ Nh5 43. Rgh4 1-0

[Event "TCh-CHN 2018"]
[Site "China CHN"]
[Date "2018.11.27"]
[Round "19.2"]
[Board "2"]
[White "Zhao, Jun"]
[Black "Andreikin, Dmitry"]
[Result "1/2-1/2"]
[WhiteTitle "GM"]
[BlackTitle "GM"]
[WhiteElo "2607"]
[BlackElo "2719"]
[WhiteTeam "Shandong Jingzhi Team"]
[BlackTeam "Chongqing Team"]
[WhiteFideId "8602522"]
[BlackFideId "4158814"]
[EventDate "2018.04.11"]

1. e4 e5 2. Nf3 Nc6 3. Bc4 Bc5 4. O-O Nf6 5. d3 O-O 6. Re1 Ng4 7. Rf1 Na5 8. h3
Nxc4 9. hxg4 Nb6 10. Nxe5 d5 11. d4 Bd6 12. Nc3 dxe4 13. Nxe4 Bxe5 14. dxe5 Qxd1
15. Rxd1 Bxg4 16. Rd4 Nd7 17. Nf6+ Nxf6 18. exf6 Bf5 19. fxg7 Rfd8 20. Be3 Kxg7
21. Rad1 Rxd4 22. Rxd4 f6 23. c3 Be6 24. a3 a6 25. Bf4 c6 26. f3 Kf7 27. Kf2 Re8
28. Be3 h5 29. Rh4 Kg6 30. Re4 Bf7 31. Rxe8 Bxe8 32. Bd4 Kf5 1/2-1/2

[Event "TCh-CHN 2018"]
[Site "China CHN"]
[Date "2018.11.27"]
[Round "19.2"]
[Board "3"]
[White "Wen, Yang"]
[Black "Zhou, Weiqi"]
[Result "1/2-1/2"]
[WhiteTitle "GM"]
[BlackTitle "GM"]
[WhiteElo "2604"]
[BlackElo "2597"]
[WhiteTeam "Shandong Jingzhi Team"]
[BlackTeam "Chongqing Team"]
[WhiteFideId "8602956"]
[BlackFideId "8601674"]
[EventDate "2018.04.11"]

1. c4 e6 2. Nc3 d5 3. d4 Be7 4. Nf3 Nf6 5. Bf4 O-O 6. e3 Nbd7 7. a3 c5 8. cxd5
Nxd5 9. Nxd5 exd5 10. dxc5 Nxc5 11. Be5 Bf5 12. Be2 Be4 13. O-O Bf6 14. Bxf6
Qxf6 15. Nd4 Ne6 16. Rc1 Nxd4 17. Qxd4 Qxd4 18. exd4 Rac8 19. f3 Bc2 20. Kf2 Rc7
21. Ke3 Rfc8 22. Kd2 Kf8 23. Rfe1 Bf5 24. Rxc7 Rxc7 25. Bd3 Bxd3 26. Kxd3 f6 27.
h4 h5 28. a4 Kf7 29. b3 a5 30. Kd2 b6 31. Re3 1/2-1/2

[Event "TCh-CHN 2018"]
[Site "China CHN"]
[Date "2018.11.27"]
[Round "19.2"]
[Board "4"]
[White "Tan, Zhongyi"]
[Black "Ning, Kaiyu"]
[Result "1/2-1/2"]
[WhiteTitle "GM"]
[WhiteElo "2513"]
[BlackElo "2217"]
[WhiteTeam "Chongqing Team"]
[BlackTeam "Shandong Jingzhi Team"]
[WhiteFideId "8603642"]
[BlackFideId "8614750"]
[EventDate "2018.04.11"]

1. e4 e6 2. d4 d5 3. e5 c5 4. c3 Qb6 5. Nf3 Nc6 6. a3 Nh6 7. Bd3 cxd4 8. cxd4
Nf5 9. Bxf5 exf5 10. O-O Be6 11. Nc3 h6 12. b4 Be7 13. Qd3 O-O 14. Na4 Qa6 15.
Qxa6 bxa6 16. Bd2 g5 17. Bc3 f4 18. Nc5 Bf5 19. Rad1 g4 20. Ne1 Bxc5 21. dxc5 d4
22. Bd2 f3 23. gxf3 gxf3 24. Bxh6 Rfe8 25. Nxf3 d3 26. Rfe1 Rad8 27. Re3 Nd4 28.
Bg5 Rd5 29. Nxd4 Rxd4 30. Bf6 Kh7 31. Rd2 Rc4 32. Kg2 Rg8+ 33. Rg3 Be4+ 34. Kh3
Bf5+ 35. Kg2 Be4+ 36. Kh3 1/2-1/2

[Event "TCh-CHN 2018"]
[Site "China CHN"]
[Date "2018.11.27"]
[Round "19.2"]
[Board "5"]
[White "Lei, Tingjie"]
[Black "Yan, Tianqi"]
[Result "1-0"]
[WhiteTitle "GM"]
[WhiteElo "2457"]
[BlackElo "2098"]
[WhiteTeam "Chongqing Team"]
[BlackTeam "Shandong Jingzhi Team"]
[WhiteFideId "8605114"]
[BlackFideId "8615250"]
[EventDate "2018.04.11"]

1. e4 c5 2. Nf3 a6 3. Be2 e6 4. O-O Nc6 5. d4 cxd4 6. Nxd4 Nf6 7. Nc3 Qc7 8. Be3
Bb4 9. Na4 O-O 10. Nxc6 bxc6 11. Nb6 Rb8 12. Nxc8 Qxc8 13. Bf4 Ra8 14. Bd3 d5
15. e5 Nd7 16. Qg4 Re8 17. c3 Bf8 18. Rae1 Qb7 19. Re3 g6 20. b3 a5 21. h4 Bc5
22. Re2 Nf8 23. h5 Qe7 24. Kh2 f5 25. exf6 Qxf6 26. Be5 Qf7 27. Re3 Qa7 28. hxg6
h6 29. g7 Nh7 30. Rh3 1-0

[Event "TCh-CHN 2018"]
[Site "China CHN"]
[Date "2018.11.27"]
[Round "19.3"]
[Board "1"]
[White "Vallejo Pons, Francisco"]
[Black "Xiang, Zeyu"]
[Result "1-0"]
[WhiteTitle "GM"]
[WhiteElo "2694"]
[BlackElo "2435"]
[WhiteTeam "Chengdu Beilei Youth Chess Club"]
[BlackTeam "Hangzhou Turbine Team"]
[WhiteFideId "2205530"]
[BlackFideId "8608547"]
[EventDate "2018.04.11"]

1. Nf3 d5 2. g3 g6 3. c4 c6 4. d4 Bg7 5. Nbd2 Nf6 6. Bg2 O-O 7. O-O Ne4 8. e3
Bf5 9. Qb3 Qb6 10. Nh4 Nxd2 11. Bxd2 dxc4 12. Qxc4 Be6 13. Qc2 Na6 14. Rfd1 Rac8
15. Bc3 Bd5 16. e4 Be6 17. Qd2 Bg4 18. Re1 Qd8 19. h3 Be6 20. f4 Nc7 21. a4 Qd7
22. Kh2 Rcd8 23. Nf3 f5 24. exf5 Rxf5 25. Qe3 h6 26. Nh4 Rh5 27. Bf3 Rxh4 28.
gxh4 Rf8 29. Rg1 Bf5 30. h5 Qd6 31. d5 Bxc3 32. bxc3 Nxd5 33. Bxd5+ cxd5 34. Qe5
Qxe5 35. fxe5 Rc8 36. Rg3 Rc4 37. Rd1 e6 38. Rd4 Rc5 39. hxg6 Kg7 40. Rf4 a5 41.
h4 h5 42. Rg5 Rxc3 43. Rxh5 Kxg6 44. Rg5+ Kh6 45. Rg3 Rc6 46. Rb3 b6 47. Kg3 Kh5
48. Rxf5+ exf5 49. Kf4 Kg6 50. h5+ Kf7 51. Kxf5 d4 52. Ke4 Rc4 53. Rxb6 Rxa4 54.
Kf5 d3 55. Rd6 Rh4 56. Kg5 Re4 57. Kf5 Rh4 58. h6 Ke7 59. Kg6 Rh3 60. h7 a4 61.
Rxd3 Rh1 62. Rg3 Kf8 63. e6 Rh2 64. Rg4 a3 65. Ra4 Rg2+ 66. Kf6 Rf2+ 67. Ke5
Re2+ 68. Kf5 Rf2+ 69. Kg5 Rg2+ 70. Rg4 Rh2 71. Rh4 1-0